Hoa màu;T2 Chế biến - Sử dụng
Uloženo v:
| Hlavní autor: | |
|---|---|
| Médium: | Kniha |
| Jazyk: | Undetermined |
| Vydáno: |
Hà Nội
Nông nghiệp
1985
|
| Témata: | |
| Tagy: |
Přidat tag
Žádné tagy, Buďte první, kdo otaguje tento záznam!
|
| Thư viện lưu trữ: | Trung tâm Học liệu Trường Đại học Cần Thơ |
|---|
| LEADER | 00554nam a2200193Ia 4500 | ||
|---|---|---|---|
| 001 | CTU_23444 | ||
| 008 | 210402s9999 xx 000 0 und d | ||
| 082 | |a 664.002 | ||
| 082 | |b V305 | ||
| 100 | |a Phạm Vĩnh Viễn | ||
| 245 | 0 | |a Hoa màu;T2 | |
| 245 | 0 | |b Chế biến - Sử dụng | |
| 245 | 0 | |c Phạm Vĩnh Viễn | |
| 260 | |a Hà Nội | ||
| 260 | |b Nông nghiệp | ||
| 260 | |c 1985 | ||
| 650 | |a farm produce - marketing - processing | ||
| 904 | |i Sáng, 980421 | ||
| 980 | |a Trung tâm Học liệu Trường Đại học Cần Thơ | ||